Sports Quiz

Random Sports or NBA Quiz

NBA Teams: Championships (1950-2010) Quiz Stats

Quiz not verified by Sporcle

Also try: Big West
Challenge
Share
Tweet
Embed
Score 0/60 Timer 05:00
0 Plays Today
Year Champion % Correct
2010-2009Los Angeles Lakers
98.9%
2008-2007Boston Celtics
97.3%
2009-2008Los Angeles Lakers
95.6%
2007-2006San Antonio Spurs
94.5%
2002-2001Los Angeles Lakers
92.9%
2006-2005Miami Heat
92.3%
2005-2004San Antonio Spurs
92.3%
1998-1997Chicago Bulls
92.3%
1997-1996Chicago Bulls
92.3%
1996-1995Chicago Bulls
92.3%
2003-2002San Antonio Spurs
91.8%
2001-2000Los Angeles Lakers
91.8%
2000-1999Los Angeles Lakers
91.3%
1992-1991Chicago Bulls
91.3%
2004-2003Detroit Pistons
90.7%
1993-1992Chicago Bulls
90.7%
1991-1990Chicago Bulls
90.7%
1999-1998San Antonio Spurs
89.6%
1984-1983Boston Celtics
89.6%
1988-1987Los Angeles Lakers
89.1%
1987-1986Los Angeles Lakers
89.1%
1985-1984Los Angeles Lakers
88.5%
1986-1985Boston Celtics
88%
1994-1993Houston Rockets
87.4%
1995-1994Houston Rockets
86.9%
1989-1988Detroit Pistons
86.3%
1982-1981Los Angeles Lakers
86.3%
1981-1980Boston Celtics
86.3%
1990-1989Detroit Pistons
85.8%
1980-1979Los Angeles Lakers
85.2%
Year Champion % Correct
1983-1982Philadelphia 76ers
79.8%
1976-1975Boston Celtics
76.5%
1969-1968Boston Celtics
76%
1968-1967Boston Celtics
76%
1961-1960Boston Celtics
76%
1960-1959Boston Celtics
76%
1959-1958Boston Celtics
76%
1966-1965Boston Celtics
75.4%
1965-1964Boston Celtics
75.4%
1964-1963Boston Celtics
75.4%
1963-1962Boston Celtics
75.4%
1962-1961Boston Celtics
75.4%
1972-1971Los Angeles Lakers
74.9%
1957-1956Boston Celtics
73.8%
1974-1973Boston Celtics
73.2%
1973-1972New York Knicks
71%
1970-1969New York Knicks
70.5%
1953-1952Minneapolis Lakers
70.5%
1952-1951Minneapolis Lakers
70.5%
1954-1953Minneapolis Lakers
69.4%
1978-1977Washington Bullets
68.9%
1979-1978Seattle Supersonics
66.7%
1967-1966Philadelphia 76ers
65.6%
1975-1974Golden State Warriors
61.7%
1958-1957St. Louis Hawks
61.2%
1971-1970Milwaukee Bucks
54.1%
1956-1955Philadelphia Warriors
54.1%
1977-1976Portland Trail Blazers
47%
1955-1954Syracuse Nationals
37.7%
1951-1950Rochester Royals
29.5%

You're not logged in!

Compare scores with friends on all Sporcle quizzes.
Sign Up with Email
OR
Log In

You Might Also Like...

Show Comments

Extras

Top Quizzes Today


Score Distribution

Your Account Isn't Verified!

In order to create a playlist on Sporcle, you need to verify the email address you used during registration. Go to your Sporcle Settings to finish the process.

Report this User

Report this user for behavior that violates our Community Guidelines.

Details: